Customs tariff schedules (Integrated tariff) HS version 2012 : with amendments to 01 July 2015.
| Format: | Book |
|---|---|
| Published: |
Mer Rouge, Mauritious:
MRA Customs Department,
2015.
|
| Subjects: |
| LEADER | 00437cam a2200121 7i4500 | ||
|---|---|---|---|
| 001 | 0000033007 | ||
| 005 | 20151211090000.0 | ||
| 090 | 0 | 0 | |a T 382.7 |b CUS (MARI) |
| 245 | 0 | 0 | |a Customs tariff schedules (Integrated tariff) HS version 2012 : |b with amendments to 01 July 2015. |
| 260 | 0 | 0 | |a Mer Rouge, Mauritious: |b MRA Customs Department, |c 2015. |
| 300 | # | # | |a 888 p.. |
| 650 | 0 | 0 | |a Tariff -- |z Mauritious |
| 999 | |a 0000037017 |b Book |c Tariffs |e Business Information Centre | ||